000 02459nam0a22005411 4500
001 RU\NLR\A1\24810
005 20260406163323.0
035 _a(NLR Aleph) 009679134
090 _a9694726
_c9694726
100 _a19981202d1784 m y0rusy50 ca
101 0 _arus
102 _aRU
135 _acrcn 024anaba
140 _ay y cayaa0000
200 1 _aВлюбленный слепец.
_eКомедия в одном действий.
210 _aПечатано в Москве
_cв театральной типографии, у Христофора Клаудий
_d1784
215 _a[2], 78 с.
_d
300 _aЦенз.: С указнаго дозволения (на тит. л.)
316 _aЭкз. РНБ (18.168.2.131). Размер: 16,2х10,0х0,5 см
_5NLR: 18.168.2.131
317 _aОдин из экз. СПбГТБ из собрания вел. кн. Павла Александровича
_5СПбГТБ
321 1 _aСК XVIII 6667
325 _aКопия доступна в Электрон. б-ке РНБ
620 _dМосква
700 1 _4070
_8rus
_7ca
_aСоколов
_bИ. Я.
_cактер, драматург
_f1739-
_gИван Яковлевич
_3RU\NLR\AUTH\7797699
_980625
702 1 _aКлаудий
_bХ.А.
_f-1805
_gХристофор Александрович
_4610
702 0 _4390
_8rus
_7ca
_aПавел Александрович
_cвеликий князь
_f1860-1919
_3RU\NLR\AUTH\7710047
_9119832
712 0 0 _4610
_aКлаудий,
_cМосква
_gХ. А.,
_hтипография при Театре
_9515361
_3RU\NLR\AUTH\880425419
801 0 _aRU
_bNLR
_c19981202
852 _aNLR
_j18.168.2.131
856 0 _uhttp://vivaldi.nlr.ru/bx000016574/view
856 1 _uhttp://vivaldi.nlr.ru/bx000016574/cover
856 2 _uhttp://vivaldi.nlr.ru/bx000016574/text
899 _aРГБ
899 _aБАН
899 _aМГУ
899 _aММУО
899 _aГПИБ
899 _aСПбГТБ
_y2 экз.
942 _cBOOK
980 _aNB
980 3 _akpcivil
980 3 _akp
980 _aA1XVIIIv
981 2 0 _a(20) Книжные памятники РНБ
_b(20) Русский книжный фонд